Pays doter d'arme nucléaire - Statistiques

Statistiques générales
  • Ce quiz a été pris 324 fois
    320 depuis la dernière actualisation
  • Le résultat moyen est 4 sur 8
Answers on the Grid
Answers color-coded by a green-red scale on the quiz's grid according to % correct below.
États-Unis
Allemagne
Pakistan
Italie
Russie
Iran
Turquie
Royaume-Uni
France
Indonesie
Corée du Sud
Inde
Japon
Chine
Pologne
Corée du Nord
Egypte
 
Statistiques - réponses
Réponse % Correct
États-Unis
99%
France
69%
Russie
67%
Royaume-Uni
49%
Chine
48%
Corée du Nord
40%
Pakistan
40%
Inde
29%
Aucun quiz correspondant
Distribution des résultats
% des personnes avec chaque résultat
Percentile par nombre de réponses
Votre historique - résultats
Vous n’avez pas pris ce quiz depuis la dernière actualisation